Города по Фото — Л - Statistics

General Stats
  • This quiz has been taken 38 times
  • The average score is 7 of 20
Answer Stats
Picture Answer % Correct
Лондон
100%
Лос-Анджелес
87%
Лас-Вегас
87%
Лиссабон
70%
Ливерпуль
43%
Лима
39%
Лион
35%
Львов
35%
Лейпциг
26%
Люксембург
26%
Луксор
22%
Лхаса
22%
Луанда
17%
Лагос
17%
Любляна
13%
Люцерн
13%
Ла-Пас
9%
Любек
4%
Лонгийр
0%
Лоян
0%
No matching quizzes found
Score Distribution
Percent of People with Each Score
Percentile by Number Answered
Your Score History
You have not taken this quiz